000 00318nam a22001457a 4500
003 SGT
020 _a978-1-1383-6764-7
082 _a615.1
_bN18C
100 _aCHIEN, YIE.W.
245 _aNOVEL DRUG DELIVERY SYSTEMS
260 _aNEW YORK
_bCRC PRESS
_c2018
300 _a797
650 _aPHARMACY
942 _2ddc
_cBK
999 _c16090
_d16090